00411nam a2200181Ia 4500008004100000020001800041050001400059100001800073245002100091245001800112260001500130260001600145260000900161300001500170300002700185300001000212500000700222170918s9999 xx 000 0 und d a9780590275675 bC971 1994 aCummings, Pat aShoveling snow / cPat Cummings. aNew York : bScholastic, c1994 a16 pages : bcolored illustration ; c24cm. aBR